01016nam a22002057a 450000500170000002000220001703500330003903700130007210000190008524501490010426000490025330000270030270000340032970000300036394200260039399900170041995201180043695201280055495201280068220180827143025.0 a0070590281c00.00 aB-157321, B-157314, B-157333 aDPLbENG aShee, Richmond aOracle wait interface :bA practical guide to performance diagnostics and tuning /cby Richmond Shee, Kirtikumar Deshpande and K. Gopalakrishnan aNew DelhibTata McGraw-Hill Publishingc2004 axxviii, 350p.c22 cms. aDeshpande, Kirtikumar 942290 aGopalakrishnan, K.942291 2ddccENh005.756mSHE c63003d63003 001040708NFICaZLSbZLSd2012-02-16g0.00l0o005.756 SHEpB-157321r2012-02-16 00:00:00v0.00w2012-02-16yEN 001040708NFICaBL1bBL1d2018-08-01eBPPD/PUBg0.00l0o005.756 SHEpB-157314r2018-08-01 00:00:00v0.00w2018-08-01yEN 001040708NFICaBL4bBL4d2018-08-27eBPPD/PUBg0.00l0o005.756 SHEpB-157333r2018-08-27 00:00:00v0.00w2018-08-27yEN